| 000 | 00556nam a22002057a 4500 | ||
|---|---|---|---|
| 003 | BUBTL | ||
| 008 | 210304b xxu||||| |||| 00| 0 eng d | ||
| 020 | _a984-8372-10-5 | ||
| 082 | _a343.025492/ K112l/ 2014 | ||
| 100 |
_aKabir, Lutful _92079 |
||
| 245 |
_aLand Laws of Bangladesh/ _bLutful Kabir |
||
| 250 | _a10th Edn. | ||
| 260 |
_aDhaka: _bAin Prokashan, _cc2014 |
||
| 300 |
_axviii , 286 p. : _b21 cm. |
||
| 500 | _aIncludes Index | ||
| 650 |
_aLaw _93993 |
||
| 856 |
_k0 _l0 _yDownload |
||
| 942 |
_2ddc _cBK |
||
| 999 |
_c6470 _d6470 |
||